LEGO Fortnite: Marvel Skins by Picture - Statistics

General Stats
  • This quiz has been taken 58 times
  • The average score is 54 of 71
Answer Stats
Picture Answer % Correct
Ant-Man | Scott Lang
100%
Black Panther | Shuri
100%
Doctor Doom | Victor von Doom
98%
Doctor Strange | Stephen Strange
98%
Captain America | Steve Rogers
95%
Captain Marvel | Carol Danvers
95%
Daredevil | Matt Murdock
95%
Black Panther | T'Challa
93%
Green Goblin | Norman Osborn
93%
Groot
93%
Iron Man | Tony Stark
93%
Black Cat | Felicia Hardy
91%
Captain America | Sam Wilson
91%
Cyclops | Scott Summers
91%
Ghost Rider | Johnny Blaze
91%
Loki
91%
Black Widow | Natasha Romanoff
88%
Drax the Destroyer | Arthur Douglas
88%
Magneto | Max Eisenhardt
88%
Mysterio | Quentin Beck
88%
Gwenpool | Gwen Poole
86%
Invisible Woman | Sue Storm-Richards
86%
Iron Spider | Peter Parker
86%
Mantis | Brandt
86%
Mary Jane Watson
86%
Moon Knight | Marc Spector
86%
Gamora
84%
Hawkeye | Clint Barton
84%
Hela
84%
Human Torch | Johnny Storm
84%
Mister Fantastic | Reed Richards
84%
She-Hulk | Jennifer Walters
84%
Spider-Gwen | Gwen Stacy
84%
Dark Phoenix | Jean Grey
81%
Gambit | Remy LeBeau
81%
Nick Fury
81%
Scarlet Witch | Wanda Maximoff
81%
Colossus | Piotr Rasputin
79%
Silver Surfer | Norrin Radd
77%
Spider-Man | Miles Morales
77%
Mighty Thor | Jane Foster
74%
Spider-Man | Peter Parker
74%
Mystique | Raven Darkhölme
72%
Shang-Chi
72%
Cable | Nathan Summers
70%
Prowler | Aaron Davis
70%
Spider-Man Noir | Peter Parker
70%
Star-Lord | Peter Quill
70%
Hawkeye | Kate Bishop
67%
Spider-Man 2099 | Miguel O'Hara
67%
Thanos
65%
The Hulk | Bruce Banner
65%
The Thing | Ben Grimm
65%
Spider-Punk | Hobie Brown
63%
Spider-Woman | Jessica Drew
63%
Storm | Ororo Munroe
63%
Mephisto
60%
Rogue | Anna Marie LeBeau
60%
War Machine | James Rhodes
60%
Domino | Neena Thurman
58%
Thor
58%
Taskmaster | Tony Masters
56%
Winter Soldier | Bucky Barnes
56%
Wolverine | James Howlett
56%
Jubilee | Jubilation Lee
53%
Psylocke | Betsy Braddock
51%
Doom 2099 | Victor von Doom
44%
White Queen | Emma Frost
44%
White Widow | Yelena Belova
44%
Sylvie
42%
X-23 | Laura Kinney
35%
No matching quizzes found
Score Distribution
Percent of People with Each Score
Percentile by Number Answered
Your Score History
You have not taken this quiz